000
00310nam a22001337a 4500
008
180201b xxu||||| |||| 00| 0 eng d
020
_a
9781465202598
041
_a
eng
080
_a
070
100
_a
40
101
_a
med
245
_a
the foundamentals speech communication
_c
william,r
942
_2
udc
_c
BK
999
_c
41531
_d
41531